The living leader : become the leader you want to be

Bibliographic Details
Main Author: Ferguson, Penny
Format: Book
Published: United Kingdom : The Infinite Ideas Company Limited , 2006
Subjects:

MARC

LEADER 00000cam a2200000 7i4500
001 0000025388
005 20090219.0
008 090219
020 |a 1904902898 
090 0 0 |a 658.4092   |b FER 
100 1 |a Ferguson, Penny 
245 1 0 |a The living leader :   |b become the leader you want to be   |c Penny Ferguson 
260 |a United Kingdom :   |b The Infinite Ideas Company Limited ,   |c 2006 
650 0 |a Executives   |x training of 
650 0 |a Leadership 
650 0 |a Personal management 
999 |a 0001039242   |b Book   |c Adult Collection   |e Perbadanan Perpustakaan Awam Johor